00642nam a2200229 450000500170000000600040001700700040002100800040002502000180002904000090004705000220005610000200007824500580009825000130015626000440016930000230021344000340023650000600027065000370033070000210036770000240038820180906105305.0000000000 a9780470646137 aUOEL aTA330 b.K73 2011 aKreyszig, Erwin aAdvanced engineering mathematics /cby Erwin Kreyszig a10th ed. aAsia;bJohn Wiley and Sons, Inccc2011. axv, 996 p. :bill. aInternational student version aincludes index, appendix and bibliographical references 2Advanced engineering mathematics aHerbert Kreyszig aEdward J. Norminton